| 000 | 00428cam a2200169ua 4500 | ||
|---|---|---|---|
| 020 | _c53.75 | ||
| 041 |
_aeng _h |
||
| 082 |
_a519.52 _bDEM/SO |
||
| 100 | _aDeming, William Edward . | ||
| 245 |
_aSome theory of sampling / _cWilliam Edwards Deming. _hTextual Documents |
||
| 260 |
_aLondon : _bJohn Wiley & Sons , _c1950. |
||
| 300 | _a602 ; . | ||
| 365 | _a53.75 | ||
| 504 | _a | ||
| 942 | _cBK | ||
| 999 |
_c9876 _d9876 |
||